000 00547nam a2200169 i 4500
001 43291
003 ES-MaACL
005 20230906160751.0
007 t|
008 030317s1925 sp ||||1| spa d
245 0 0 _aCatálogo de las altitudes de las señales metálicas de la red.
260 _aMadrid :
_bInstituto Geográfico,
_c1925.
300 _a317 p. ;
_c12 cm.
500 _aPrecede al tít.: Instituto geográfico. Servicio de nivelaciones de precisión.
710 2 _aInstituto Geográfico (España)
_95073
852 _aES-MaACL
_jA-429
999 _c43291
_d43291